000 00325nam a2200121Ia 4500
008 250110s9999 xx 000 0 und d
041 _aeng
100 _aSomeshwar Nirali
_9182216
245 _aDance Academy
260 _bFinal Year B. Arch, BNCA
_c1999
300 _a193p
700 _aGuide Name:Sahastrabuddhe Swati
_9209886
999 _c363077
_d363077